000
00210 a2200097 4500
001
17979
100
_a
Douglas, J W B
245
_a
Home and the school
260
_a
_b
Macgibbon & Kee
_c
090
_c
13283
_d
13283
942
_a
NUST-CAE
_c
M
_c
3651
999
_c
253052
_d
253052